The spirits of the earth/ (Record no. 163144)
[ view plain ]
| 000 -LEADER | |
|---|---|
| fixed length control field | 00578nam a22001937a 4500 |
| 005 - DATE AND TIME OF LATEST TRANSACTION | |
| control field | 20190329123947.0 |
| 010 ## - LCCN (DPL NO) | |
| LC control number | ENG-124999 |
| 020 ## - INTERNATIONAL STANDARD BOOK NUMBER | |
| International Standard Book Number | 9780857423726 |
| Terms of availability | 595.00 |
| 035 ## - SYSTEM CONTROL NUMBER | |
| System control number | EN-108531 |
| 037 ## - SOURCE OF ACQUISITION | |
| Source of stock number/acquisition | DBAD/PUB |
| 082 ## - DEWEY DECIMAL CLASSIFICATION NUMBER | |
| Classification number | N |
| 100 ## - MAIN ENTRY--PERSONAL NAME | |
| Personal name | Colomb, Catherine |
| 245 ## - TITLE STATEMENT | |
| Title | The spirits of the earth/ |
| Statement of responsibility, etc | by Catherine Colomb; translated by John Taylor |
| Remainder of title | the spirits of the earth |
| 260 ## - PUBLICATION, DISTRIBUTION, ETC. (IMPRINT) | |
| Place of publication, distribution, etc | Calcutta |
| Name of publisher, distributor, etc | Seagull Books |
| Date of publication, distribution, etc | 2016 |
| 270 ## - ADDRESS | |
| Address | 31A S.P. Mukherjee Road, |
| City | Calcutta |
| Postal code | 700025 |
| 300 ## - PHYSICAL DESCRIPTION | |
| Extent | xxiv, 227p. |
| Dimensions | 21cm.(Hb) |
| 700 ## - ADDED ENTRY--PERSONAL NAME | |
| Personal name | Taylor, John |
| 942 ## - ADDED ENTRY ELEMENTS (KOHA) | |
| Source of classification or shelving scheme | Dewey Decimal Classification |
| Item type | English Books |
| Call number suffix | COL |
| Classification part | N |
| Withdrawn status | Lost status | Not for loan | Collection code | Home library | Current library | Date acquired | Source of acquisition | Cost, normal purchase price | Full call number | Barcode | Copy number | Cost, replacement price | Koha item type |
|---|---|---|---|---|---|---|---|---|---|---|---|---|---|
| Not For Loan | Fiction | D.B.Act.Division | Patel Nagar | 29/03/2019 | DBAD/PUB | 595.00 | N COL | EN-108531 | 1 | 595.00 | English Books |
